[Event "Düsseldorfer SK 1 - SV Wattenscheid 2"]
[Site "Oberliga NRW 2012/2013"]
[Date "2013.04.07"]
[Round "8.5"]
[White "Hirsch, Stefan"]
[Black "Balster, Stefan"]
[Result "1/2-1/2"]
[WhiteElo "2181"]
[BlackElo "2259"]
[PlyCount "98"]
[EventDate "2013.??.??"]
[WhiteTeam "SV Wattenscheid 2"]
[BlackTeam "Düsseldorfer SK 1"]

1. e4 c5 2. Nf3 e6 3. c3 Nf6 4. d3 d6 5. Nbd2 Be7 6. Be2 O-O 7. O-O Nc6 8. a3
b6 9. b4 Bb7 10. Re1 Ne5 11. Bb2 Ng6 12. Bf1 Qd7 13. Qb3 h6 14. a4 Rfc8 15. b5
Qc7 16. Rac1 Re8 17. d4 Nh7 18. d5 Bf6 19. dxe6 fxe6 20. Bc4 Nhf8 21. Nf1 Kh8
22. Rcd1 Rad8 23. Ng3 Ne5 24. Nxe5 Bxe5 25. Bc1 g5 26. Qc2 Qg7 27. Rd3 Qg6 28.
f3 Nh7 29. Nh1 Nf6 30. Nf2 d5 31. exd5 exd5 32. Qd1 Rd7 33. Ba2 Rde7 34. Rde3
d4 35. cxd4 cxd4 36. Rxe5 Rxe5 37. Rxe5 Rxe5 38. Bb2 Qe8 39. Nd3 Re2 40. Kf1
Rxb2 41. Nxb2 Qe5 42. Qe2 Qd6 43. Nc4 Qc5 44. Qe6 Kg7 45. Nd6 Qc1+ 46. Kf2 Qd2+
47. Qe2 Ng4+ 48. fxg4 Qf4+ 49. Kg1 Qxd6 1/2-1/2

[Event "Düsseldorfer SK 1 - SV Wattenscheid 2"]
[Site "Oberliga NRW 2012/2013"]
[Date "2013.04.07"]
[Round "8.6"]
[White "Gazic, Josip"]
[Black "Schlange, Stefan"]
[Result "1-0"]
[WhiteElo "2232"]
[BlackElo "2099"]
[PlyCount "63"]
[EventDate "2013.??.??"]
[WhiteTeam "Düsseldorfer SK 1"]
[BlackTeam "SV Wattenscheid 2"]

1. e4 e6 2. d4 d5 3. e5 c5 4. dxc5 Nc6 5. Nf3 Bxc5 6. Bd3 Qc7 7. Qe2 Nge7 8.
O-O Bd7 9. c3 Ng6 10. Re1 O-O 11. b4 Bb6 12. a4 a6 13. Be3 d4 14. Bd2 dxc3 15.
Bxc3 Rfd8 16. Ng5 h6 17. Nh3 Be8 18. Ra3 Rd5 19. Bxg6 fxg6 20. Nf4 Ne7 21. Nxe6
Qc8 22. Nf4 Qf5 23. Nxd5 Nxd5 24. Bd2 Bc6 25. b5 axb5 26. axb5 Rxa3 27. Nxa3
Be8 28. e6 g5 29. Nc4 Bxb5 30. Nd6 Nf4 31. Bxf4 Qxf4 32. Nxb5 1-0

[Event "Düsseldorfer SK 1 - SV Wattenscheid 2"]
[Site "Oberliga NRW 2012/2013"]
[Date "2013.04.07"]
[Round "8.7"]
[White "Wirths, Clara"]
[Black "Luncescu, Christian"]
[Result "0-1"]
[WhiteElo "1884"]
[BlackElo "2163"]
[PlyCount "110"]
[EventDate "2013.??.??"]
[WhiteTeam "SV Wattenscheid 2"]
[BlackTeam "Düsseldorfer SK 1"]

1. e4 d5 2. exd5 Qxd5 3. Nc3 Qa5 4. d4 c6 5. Bc4 Bf5 6. Nf3 Nf6 7. Bd2 Qc7 8.
Ne5 e6 9. g4 Bg6 10. h4 Be4 11. f3 Bd5 12. Bd3 Nbd7 13. Qe2 Nxe5 14. dxe5 Nd7
15. Nxd5 cxd5 16. f4 a6 17. O-O-O O-O-O 18. Kb1 Kb8 19. Be3 Bc5 20. Rc1 Qb6 21.
Bxc5 Nxc5 22. Qf2 h5 23. g5 g6 24. Qd4 Rc8 25. Be2 Rc6 26. Rhd1 Rhc8 27. c4 Na4
28. Qxb6 Nxb6 29. cxd5 Rxc1+ 30. Rxc1 Rxc1+ 31. Kxc1 Nxd5 32. f5 exf5 33. Bc4
Nf4 34. Bxf7 Nd3+ 35. Kd2 Nxe5 36. Bd5 Kc7 37. Ke3 b6 38. Kf4 Kd6 39. Bb7 a5
40. Ba6 Kd5 41. Ke3 Nc4+ 42. Kf4 Nxb2 43. Be2 Nc4 44. Bxh5 gxh5 45. Kxf5 Ne5
46. g6 Nxg6 47. Kxg6 b5 48. Kxh5 b4 49. Kg6 a4 50. h5 b3 51. axb3 a3 52. h6 a2
53. Kg7 a1=Q+ 54. Kg8 Ke6 55. h7 Qf6 0-1

[Event "Düsseldorfer SK 1 - SV Wattenscheid 2"]
[Site "Oberliga NRW 2012/2013"]
[Date "2013.04.07"]
[Round "8.8"]
[White "Partenheimer, Axel"]
[Black "Schlee, Ulrich"]
[Result "1-0"]
[WhiteElo "2124"]
[BlackElo "1754"]
[PlyCount "63"]
[EventDate "2013.??.??"]
[WhiteTeam "Düsseldorfer SK 1"]
[BlackTeam "SV Wattenscheid 2"]

1. Nf3 d5 2. d4 Nf6 3. c4 e6 4. g3 Be7 5. Bg2 O-O 6. O-O Nbd7 7. Qc2 b6 8. Ne5
Bb7 9. Nc3 c6 10. Rd1 Rc8 11. e4 Qe8 12. Bf4 Nxe5 13. dxe5 Nxe4 14. Nxe4 dxe4
15. Bxe4 h6 16. Qe2 Bg5 17. Bxg5 hxg5 18. Rd6 Rc7 19. c5 Qe7 20. Rad1 bxc5 21.
Qc4 g6 22. Qxc5 Rd7 23. Qxa7 Rxd6 24. exd6 Qd7 25. Qc5 f5 26. Bg2 Kf7 27. a4
Rd8 28. b4 Qc8 29. Rc1 Qa8 30. Bxc6 Rc8 31. b5 Qxa4 32. d7 1-0

[Event "Aachener SV 1 - SV Erkenschwick 1"]
[Site "Oberliga NRW 2012/2013"]
[Date "2013.04.07"]
[Round "8.1"]
[White "Erwich, Marc"]
[Black "Koch, Thomas"]
[Result "1-0"]
[WhiteElo "2346"]
[BlackElo "2390"]
[Annotator "Doe,John"]
[PlyCount "141"]
[EventDate "2013.??.??"]
[WhiteTeam "SV Erkenschwick 1"]
[BlackTeam "Aachener SV 1"]

1. e4 c5 2. Nf3 d6 3. d4 cxd4 4. Nxd4 Nf6 5. Nc3 a6 6. Be2 e6 7. f4 Qc7 8. O-O
Be7 9. a4 Nc6 10. Be3 O-O 11. Nb3 b6 12. Bf3 Bb7 13. g4 Rfe8 14. g5 Nd7 15. Bg2
Na5 16. Nxa5 bxa5 17. Qh5 g6 18. Qh4 Nb6 19. Rf3 Nc4 20. Rh3 h5 21. Bf2 Bf8 22.
b3 Nb6 23. Rf1 Nd7 $11 24. Ne2 Bg7 25. c4 Nc5 26. Ng3 Rab8 27. Bf3 Ba8 28. Bxh5
Nxe4 29. Nxe4 Bxe4 30. Bf3 Qc6 31. Qg4 Rb7 32. Qg2 Bxf3 33. Qxf3 Qc7 34. Rd1
Reb8 35. Rd3 Rb4 36. Be1 R4b7 37. Qe4 d5 38. cxd5 exd5 39. Qxd5 Re8 40. Rhe3
Rbb8 41. Kg2 Qc2+ 42. Bf2 Rxe3 43. Rxe3 Bf8 44. Rf3 Rb4 45. h3 Qe4 46. Qxe4
Rxe4 47. Kg3 f5 48. gxf6 Kf7 49. Re3 Rb4 50. Be1 Rb6 51. Bxa5 Rxf6 52. Bc3 Rc6
53. Be5 Bb4 54. Kg4 Rc1 55. f5 Rg1+ 56. Rg3 Rf1 57. fxg6+ Kxg6 58. h4 Rh1 59.
Rh3 Rg1+ 60. Bg3 Kh6 61. h5 Bd6 62. Kf3 Rd1 63. Bxd6 Rxd6 64. Ke4 Rb6 65. Kd5
Rb4 66. Kc5 a5 67. Kc6 Rb8 68. Rd3 Kxh5 69. Rd5+ Kg6 70. Rb5 Ra8 71. Kb7 1-0

[Event "Aachener SV 1 - SV Erkenschwick 1"]
[Site "Oberliga NRW 2012/2013"]
[Date "2013.04.07"]
[Round "8.2"]
[White "Piceu, Tom"]
[Black "Willemze, Thomas"]
[Result "1/2-1/2"]
[WhiteElo "2301"]
[BlackElo "2380"]
[PlyCount "36"]
[EventDate "2013.??.??"]
[WhiteTeam "Aachener SV 1"]
[BlackTeam "SV Erkenschwick 1"]

1. c4 d6 2. Nc3 e5 3. g3 g6 4. Bg2 Bg7 5. e4 Ne7 6. Nge2 Nbc6 7. O-O O-O 8. d3
Kh8 9. Be3 Nd4 10. Nd5 c6 11. Nxe7 Qxe7 12. Bxd4 exd4 13. b4 Bg4 14. Rb1 d5 15.
cxd5 cxd5 16. h3 Bxe2 17. Qxe2 Rac8 18. Rfe1 Rfe8 1/2-1/2

[Event "Aachener SV 1 - SV Erkenschwick 1"]
[Site "Oberliga NRW 2012/2013"]
[Date "2013.04.07"]
[Round "8.3"]
[White "Erwich, Frank"]
[Black "Klein, Felix"]
[Result "0-1"]
[WhiteElo "2331"]
[BlackElo "2271"]
[PlyCount "66"]
[EventDate "2013.??.??"]
[WhiteTeam "SV Erkenschwick 1"]
[BlackTeam "Aachener SV 1"]

1. e4 c5 2. Nf3 e6 3. c4 Nc6 4. Nc3 Nd4 5. Nxd4 cxd4 6. Ne2 e5 7. g3 Nf6 8. Bg2
Rb8 9. f4 d6 10. O-O Be7 11. h3 b5 12. cxb5 Rxb5 13. g4 Bb7 14. Ng3 O-O 15. d3
Qc7 16. Nf5 Rc8 17. fxe5 dxe5 18. Bg5 Rb6 19. Rc1 Qd7 20. Rxc8+ Bxc8 21. Qc2
Bb7 22. Bh4 Bf8 23. Bf3 Qb5 24. g5 Nd7 25. Qc7 Nc5 26. Bh5 Qd7 27. Qxe5 Nxd3
28. Qg3 Bxe4 29. Bg4 Qd5 30. Qc7 Rxb2 31. Bf2 Bxf5 32. Bxf5 Nxf2 33. Qc1 Qh1#
0-1

[Event "Aachener SV 1 - SV Erkenschwick 1"]
[Site "Oberliga NRW 2012/2013"]
[Date "2013.04.07"]
[Round "8.4"]
[White "Coenen, Norbert"]
[Black "Van Beek, Alexander"]
[Result "0-1"]
[WhiteElo "2275"]
[BlackElo "2261"]
[Annotator "Doe,John"]
[PlyCount "118"]
[EventDate "2013.??.??"]
[WhiteTeam "Aachener SV 1"]
[BlackTeam "SV Erkenschwick 1"]

1. e4 e5 2. Nf3 Nc6 3. Bb5 Nf6 4. O-O Nxe4 5. d4 Nd6 6. Bxc6 dxc6 7. dxe5 Nf5
8. Qxd8+ Kxd8 9. Nc3 Bd7 10. h3 b6 11. b3 Kc8 12. Bb2 Be7 13. Rad1 Nh4 14. Nxh4
Bxh4 15. f4 Re8 16. Kh2 h5 17. Ne2 a5 18. a4 g6 19. c4 Be7 20. Rf3 c5 21. Nc3
Bf5 22. Nd5 Kb7 23. Rf2 Rad8 24. Rfd2 c6 25. Ne3 $11 Be4 26. Bc3 h4 27. Kg1 Kc7
28. Kf2 Rxd2+ 29. Rxd2 Rd8 30. Rxd8 Bxd8 31. Be1 Kd7 32. Nf1 Ke6 33. Nd2 Kf5
34. Nxe4 Kxe4 35. Ke2 Kxf4 36. Bc3 Bc7 37. Bd2+ Kf5 38. Be1 g5 39. Kf3 Bxe5 40.
Bd2 f6 41. Be1 Bd4 42. Bd2 Kg6 43. Bc1 f5 44. Bd2 Kh5 45. Bc1 Be5 46. Bd2 g4+
47. Ke2 f4 48. Kf2 Kg5 49. Ke2 Kf5 50. hxg4+ Kxg4 51. Be1 Bd4 52. Kf1 h3 53.
gxh3+ Kxh3 54. Bd2 Kg4 55. Be1 f3 56. Bd2 Kf5 57. Be1 Ke4 58. Bh4 Kd3 59. Bd8
Kc2 0-1

[Event "Aachener SV 1 - SV Erkenschwick 1"]
[Site "Oberliga NRW 2012/2013"]
[Date "2013.04.07"]
[Round "8.5"]
[White "Homs, Guust"]
[Black "Meessen, Rudolf"]
[Result "1-0"]
[WhiteElo "2159"]
[BlackElo "2207"]
[Annotator "Doe,John"]
[PlyCount "107"]
[EventDate "2013.??.??"]
[WhiteTeam "SV Erkenschwick 1"]
[BlackTeam "Aachener SV 1"]

1. e4 e6 2. d4 d5 3. Nc3 Bb4 4. Nge2 dxe4 5. a3 Bxc3+ 6. Nxc3 Nc6 7. Bb5 Nge7
8. Bg5 f6 9. Be3 O-O 10. Qd2 f5 11. O-O-O a6 12. Bxc6 Nxc6 13. d5 Ne7 14. Bc5
b6 15. Bxe7 Qxe7 16. d6 cxd6 17. Qxd6 Qxd6 18. Rxd6 b5 19. Rhd1 Re8 20. Rb6 Kf7
21. a4 bxa4 22. Nxa4 Re7 23. b4 a5 24. b5 e5 25. c4 Be6 26. Rc6 f4 27. Nc3 Bf5
28. Nd5 Rb7 29. b6 Rd8 30. c5 Bg4 31. Rd2 a4 32. Nc3 Rxd2 33. Kxd2 a3 34. Rd6
Be6 35. Rd8 a2 36. Ra8 Rd7+ 37. Ke1 Bb3 $11 38. Nxa2 Rd1+ 39. Ke2 f3+ 40. gxf3
exf3+ 41. Ke3 Re1+ 42. Kd2 Re2+ 43. Kc3 Bd5 44. Ra7+ Ke6 45. Nb4 Be4 46. c6
Rxf2 47. b7 Bg6 48. b8=Q Rf1 49. Qc8+ Kd6 50. Qd8+ Ke6 51. Re7+ Kf6 52. Nd5+
Kg5 53. Rxe5+ Kh6 54. Qg5# 1-0

[Event "Aachener SV 1 - SV Erkenschwick 1"]
[Site "Oberliga NRW 2012/2013"]
[Date "2013.04.07"]
[Round "8.6"]
[White "Begnis, Nikolaos"]
[Black "Krings, Christoph"]
[Result "1-0"]
[WhiteElo "2250"]
[BlackElo "2127"]
[PlyCount "41"]
[EventDate "2013.??.??"]
[WhiteTeam "Aachener SV 1"]
[BlackTeam "SV Erkenschwick 1"]

1. e4 e6 2. d4 d5 3. Nd2 dxe4 4. Nxe4 Nd7 5. Nf3 Be7 6. Bd3 Ngf6 7. Qe2 Nxe4 8.
Bxe4 Nf6 9. Bxb7 Bxb7 10. Qb5+ Qd7 11. Qxb7 O-O 12. c3 Rab8 13. Qa6 c5 14. O-O
cxd4 15. Nxd4 Rfc8 16. Qe2 Nd5 17. Rd1 Bf6 18. Nf3 Rxc3 19. bxc3 Nxc3 20. Rxd7
Nxe2+ 21. Kf1 1-0

[Event "Aachener SV 1 - SV Erkenschwick 1"]
[Site "Oberliga NRW 2012/2013"]
[Date "2013.04.07"]
[Round "8.7"]
[White "Van Zutphen, Jimmy"]
[Black "Dischinger, Frank"]
[Result "1/2-1/2"]
[WhiteElo "2162"]
[BlackElo "2053"]
[PlyCount "146"]
[EventDate "2013.??.??"]
[WhiteTeam "SV Erkenschwick 1"]
[BlackTeam "Aachener SV 1"]

1. d4 d5 2. Bg5 h6 3. Bh4 c6 4. c3 Bf5 5. e3 Nd7 6. Bd3 Bxd3 7. Qxd3 Qb6 8. Qc2
e6 9. Nf3 Ngf6 10. O-O Bd6 11. Nbd2 O-O 12. Rfe1 c5 13. Bxf6 Nxf6 14. e4 dxe4
15. Nxe4 Nxe4 16. Rxe4 Rac8 17. Rd1 Rfd8 18. Qe2 cxd4 19. Rexd4 Be7 20. Rxd8+
Rxd8 21. Rxd8+ Qxd8 22. c4 Qa5 23. b3 Qa3 24. Qd2 a6 25. h3 Bf6 26. Qd7 Qe7 27.
Qd3 g6 28. Nd2 Qa3 29. Qc2 Qb2 30. Qxb2 Bxb2 31. Kf1 f5 32. Ke2 e5 33. g4 Kf7
34. gxf5 gxf5 35. b4 Ke6 36. b5 axb5 37. cxb5 Kd5 38. Nb3 b6 39. a4 Kc4 40. a5
Kxb5 41. axb6 Kxb6 42. Nd2 Kc5 43. Nf1 Kd5 44. f3 Bc1 45. Ng3 Ke6 46. Kf2 Kf6
47. Kg2 Bd2 48. Nh5+ Kg6 49. Ng3 Be1 50. Ne2 Kf6 51. Kf1 Bh4 52. Nc3 Ke6 53.
Ke2 Be7 54. Kf2 Bc5+ 55. Kg2 Bb4 56. Ne2 Be1 57. Kf1 Bh4 58. Nc3 Bf6 59. Ke2
Bd8 60. Kf2 Bb6+ 61. Kg2 h5 62. Kg3 Ba5 63. Ne2 Be1+ 64. Kg2 Kd5 65. Kf1 Bh4
66. Nc1 Kc4 67. Ke2 e4 68. fxe4 fxe4 69. Ke3 Kd5 70. Ne2 Bg5+ 71. Kf2 Kc4 72.
Ng3 e3+ 73. Ke2 h4 1/2-1/2

[Event "Aachener SV 1 - SV Erkenschwick 1"]
[Site "Oberliga NRW 2012/2013"]
[Date "2013.04.07"]
[Round "8.8"]
[White "Titgemeyer, Sven"]
[Black "Strozewski, Frank"]
[Result "1-0"]
[WhiteElo "1980"]
[BlackElo "1986"]
[Annotator "Doe,John"]
[PlyCount "95"]
[EventDate "2013.??.??"]
[WhiteTeam "Aachener SV 1"]
[BlackTeam "SV Erkenschwick 1"]

1. e4 d6 2. d4 g6 3. f4 Bg7 4. Nc3 Nc6 5. Be3 a6 6. Nf3 Bg4 7. Be2 e6 8. O-O
Nge7 9. d5 exd5 10. exd5 Nb8 11. Bd4 O-O 12. Bxg7 Kxg7 13. Qd4+ f6 14. Rae1 Nf5
15. Qf2 Bxf3 16. Bxf3 Nd7 17. g4 Nh6 18. Ne2 Rf7 19. Nd4 Nf8 20. Ne6+ Nxe6 21.
dxe6 Re7 22. g5 fxg5 23. fxg5 Nf5 24. Bg4 Kg8 25. Bxf5 gxf5 26. Qxf5 Qf8 27.
Qxf8+ Rxf8 28. Rxf8+ Kxf8 29. Kf2 Rg7 $11 30. h4 Ke7 31. Kf3 Rg8 32. Kg4 c6 33.
h5 a5 34. g6 h6 35. Rf1 Kxe6 36. Rf7 b5 37. Rh7 Kf6 38. Rxh6 Re8 39. Kf3 Re5
40. Rh7 Rf5+ 41. Kg4 Rg5+ 42. Kh4 Rg2 43. Rf7+ Ke6 44. Rf3 c5 45. Rg3 Rh2+ 46.
Kg5 Ke7 47. g7 Kf7 48. Kh6 1-0

[Event "SG Porz 2 - SC Hansa Dortmund 2"]
[Site "Oberliga NRW 2012/2013"]
[Date "2013.04.07"]
[Round "8.1"]
[White "Rumpf, Thomas"]
[Black "Miedema, David"]
[Result "0-1"]
[WhiteElo "2085"]
[BlackElo "2307"]
[Annotator "Doe,John"]
[PlyCount "114"]
[EventDate "2013.??.??"]
[WhiteTeam "SC Hansa Dortmund 2"]
[BlackTeam "SG Porz 2"]

1. e4 e6 2. d4 d5 3. exd5 exd5 4. Nf3 Nf6 5. Bd3 c5 6. O-O c4 7. Re1+ Be7 8.
Bf1 O-O 9. Nc3 Bg4 10. h3 Bh5 11. g4 Bg6 12. Ne5 Nc6 13. Bg2 Bb4 14. Bg5 Bxc3
15. bxc3 $11 Qd6 16. Rb1 Ne4 17. Bxe4 dxe4 18. Bf4 Nxe5 19. Bxe5 Qd5 20. Qc1 f6
21. Bf4 b6 22. Qa3 Rfd8 23. Qa4 Be8 24. Qb4 Bc6 25. Re3 Rd7 26. Rbe1 Qf7 27. f3
f5 28. gxf5 Qxf5 29. fxe4 Qxf4 30. Qxc4+ Rf7 31. Qxc6 Raf8 32. Qe6 Kh8 33. Qg4
Qf2+ 34. Kh1 Qxc2 35. Qe2 Qa4 36. Kg2 Qc6 37. d5 Qd6 38. c4 Qe5 39. Rg3 Rf4 40.
Rg4 R4f6 41. Rg3 Qd4 42. Re3 Qe5 43. Rg3 h6 44. Rd1 Rf4 45. Re1 Qf6 46. Kg1
Rxe4 47. Qxe4 Qf2+ 48. Kh1 Qxg3 49. Qe6 Rf6 50. Qc8+ Kh7 51. Rg1 Qf3+ 52. Kh2
Qe2+ 53. Rg2 Qe5+ 54. Kg1 Qe1+ 55. Kh2 Rf1 56. Rg4 Rh1+ 57. Kg2 Qf1+ 0-1

[Event "SG Porz 2 - SC Hansa Dortmund 2"]
[Site "Oberliga NRW 2012/2013"]
[Date "2013.04.07"]
[Round "8.2"]
[White "Korotkjevich, Stanislav"]
[Black "Sundorf, Jannik"]
[Result "1-0"]
[WhiteElo "2377"]
[BlackElo "2112"]
[Annotator "Doe,John"]
[PlyCount "99"]
[EventDate "2013.??.??"]
[WhiteTeam "SG Porz 2"]
[BlackTeam "SC Hansa Dortmund 2"]

1. d4 Nf6 2. c4 e6 3. Nf3 d5 4. Nc3 Nbd7 5. Bf4 Bb4 6. Qa4 a5 7. a3 Bxc3+ 8.
bxc3 O-O 9. c5 Ne4 10. Rc1 c6 11. e3 b5 12. cxb6 Qxb6 13. Bd3 Ba6 14. Rb1 Qa7
15. Qc2 Bxd3 16. Qxd3 Qa6 17. Qxa6 Rxa6 18. Rc1 Nb6 19. Ne5 f6 20. Nd3 Nc4 21.
f3 Ned6 22. Nc5 Ra7 23. Bxd6 Nxd6 24. O-O Nc4 25. a4 Re7 26. Kf2 Kf7 27. Rfe1
Rb8 $11 28. Rb1 Rxb1 29. Rxb1 e5 30. e4 Ra7 31. Rb8 Ke7 32. Rh8 h6 33. h4 Nb6
34. Rg8 Kf7 35. Rb8 Nd7 36. Rc8 Nxc5 37. dxc5 dxe4 38. fxe4 Rb7 39. Rxc6 Rb2+
40. Ke3 Rxg2 41. Ra6 g5 42. hxg5 hxg5 43. Rxa5 g4 44. c6 Ke7 45. Rd5 Rg3+ 46.
Kd2 Rh3 47. c7 Rh2+ 48. Ke1 Rh1+ 49. Kf2 Rh2+ 50. Kg1 1-0

[Event "SG Porz 2 - SC Hansa Dortmund 2"]
[Site "Oberliga NRW 2012/2013"]
[Date "2013.04.07"]
[Round "8.3"]
[White "Babar, Michael"]
[Black "Malykin, Vitaly"]
[Result "1/2-1/2"]
[WhiteElo "2125"]
[BlackElo "2331"]
[PlyCount "31"]
[EventDate "2013.??.??"]
[WhiteTeam "SC Hansa Dortmund 2"]
[BlackTeam "SG Porz 2"]

1. d4 d5 2. c4 c6 3. Nf3 Nf6 4. e3 e6 5. Bd3 Nbd7 6. O-O b6 7. b3 Bb7 8. Nbd2
Be7 9. Bb2 O-O 10. Rc1 Rc8 11. Qe2 c5 12. cxd5 Nxd5 13. Nc4 Rc7 14. Rfd1 Qa8
15. Bb1 N5f6 16. dxc5 1/2-1/2

[Event "SG Porz 2 - SC Hansa Dortmund 2"]
[Site "Oberliga NRW 2012/2013"]
[Date "2013.04.07"]
[Round "8.4"]
[White "Gallinnis, Norbert"]
[Black "Rempel, Eugen"]
[Result "0-1"]
[WhiteElo "2278"]
[BlackElo "2119"]
[PlyCount "52"]
[EventDate "2013.??.??"]
[WhiteTeam "SG Porz 2"]
[BlackTeam "SC Hansa Dortmund 2"]

1. e4 e5 2. Ne2 Bc5 3. c3 d5 4. exd5 Qxd5 5. d4 Bb6 6. Na3 Bg4 7. f3 Be6 8.
Qa4+ Nc6 9. Nc2 O-O-O 10. Be3 Nge7 11. b3 Bf5 12. O-O-O Bxc2 13. Kxc2 Nf5 14.
Bf2 exd4 15. Nxd4 Ncxd4+ 16. cxd4 Bxd4 17. Bc4 Qc5 18. Bxd4 Rxd4 19. Kb1 Rhd8
20. Rxd4 Qxd4 21. Rc1 Ne3 22. Qa5 Kb8 23. Bxf7 Qd3+ 24. Ka1 Qd4+ 25. Kb1 b6 26.
Qb5 Nd1 0-1

[Event "SG Porz 2 - SC Hansa Dortmund 2"]
[Site "Oberliga NRW 2012/2013"]
[Date "2013.04.07"]
[Round "8.7"]
[White "Kloster, Josef"]
[Black "Thalwitzer, David"]
[Result "1-0"]
[WhiteElo "2028"]
[BlackElo "2093"]
[PlyCount "47"]
[EventDate "2013.??.??"]
[WhiteTeam "SC Hansa Dortmund 2"]
[BlackTeam "SG Porz 2"]

1. d4 Nf6 2. Nf3 g6 3. c4 c5 4. e3 Bg7 5. Nc3 O-O 6. Be2 d6 7. O-O a6 8. Qc2
cxd4 9. exd4 Nc6 10. a3 Bf5 11. Qd1 Rc8 12. b4 Na7 13. Bb2 b6 14. h3 a5 15. Qd2
axb4 16. axb4 Nc6 17. Ra4 d5 18. c5 bxc5 19. bxc5 Ne4 20. Qc1 Qd7 21. Bb5 Qb7
22. Ba6 Qb3 23. Ra3 Nxc3 24. Rxb3 1-0

[Event "SG Porz 2 - SC Hansa Dortmund 2"]
[Site "Oberliga NRW 2012/2013"]
[Date "2013.04.07"]
[Round "8.8"]
[White "Mihalevica, Diana"]
[Black "Burchert, Wolfgang"]
[Result "1-0"]
[WhiteElo "2004"]
[BlackElo "2065"]
[PlyCount "71"]
[EventDate "2013.??.??"]
[WhiteTeam "SG Porz 2"]
[BlackTeam "SC Hansa Dortmund 2"]

1. e4 c5 2. Nf3 e6 3. d4 cxd4 4. Nxd4 Nf6 5. Nc3 Nc6 6. a3 d5 7. Bb5 Qd6 8.
exd5 Nxd5 9. Nxc6 bxc6 10. Ba4 Bd7 11. Bd2 Be7 12. O-O O-O 13. Qe2 Qc7 14. Ne4
Nb6 15. Bb3 c5 16. c4 e5 17. Bc2 f5 18. Nc3 Be6 19. b3 Bf6 20. Rad1 Rad8 21. f3
Rd7 22. Be3 Rfd8 23. Rxd7 Rxd7 24. Qf2 Be7 25. g4 g6 26. gxf5 gxf5 27. Qg2+ Kh8
28. Qh3 Bf8 29. Bxf5 Bxf5 30. Qxf5 Rf7 31. Qh5 Bg7 32. Ne4 Bf6 33. Rd1 Rg7+ 34.
Kh1 Be7 35. Qf5 Qb8 36. Nxc5 1-0

[Event "SV Mülheim-Nord 2 - SG Porz 2"]
[Site "Oberliga NRW 2012/2013"]
[Date "2013.04.28"]
[Round "9.1"]
[White "Miedema, David"]
[Black "Rezasade, Amir"]
[Result "1-0"]
[WhiteElo "2319"]
[BlackElo "2310"]
[PlyCount "127"]
[EventDate "2013.??.??"]
[WhiteTeam "SG Porz 2"]
[BlackTeam "SV Mülheim-Nord 2"]

1. d4 d5 2. c4 e6 3. Nc3 c5 4. cxd5 exd5 5. Nf3 Nc6 6. dxc5 d4 7. Na4 Bxc5 8.
Nxc5 Qa5+ 9. Qd2 Qxc5 10. e3 dxe3 11. Qxe3+ Qxe3+ 12. Bxe3 Nge7 13. Bc4 O-O 14.
O-O Bg4 15. Ng5 Bf5 16. Bc5 Bg6 17. Rfe1 Rfe8 18. Nf3 Rac8 19. Rad1 Rc7 20. Bb5
f6 21. Nd4 Bf7 22. Nxc6 bxc6 23. Ba4 Nd5 24. Rxe8+ Bxe8 25. b4 Bf7 26. g3 g5
27. a3 Kg7 28. Rc1 Be8 29. Bb3 Rb7 30. Bc4 Nb6 31. Be2 Bf7 32. f3 Bd5 33. Kf2
Nd7 34. Bd4 Nf8 35. Be3 Ne6 36. h4 h6 37. Bd3 Nf8 38. Rc5 Nd7 39. Ra5 Nb6 40.
Ra6 Kf7 41. a4 Ke8 42. Bd4 Nd7 43. b5 c5 44. Bxf6 Nxf6 45. Rxf6 gxh4 46. gxh4
Bb3 47. Be4 Rb6 48. Bc6+ Ke7 49. Rf4 c4 50. a5 Rb8 51. b6 a6 52. Bd5 Rc8 53. b7
Rb8 54. Ke3 Kd6 55. Kd4 h5 56. Rf6+ Kc7 57. Rxa6 Rd8 58. Rc6+ Kxb7 59. Rd6+ Kc7
60. Rxd8 Kxd8 61. Bf7 Kc7 62. Bxh5 Kb7 63. Bf7 Bd1 64. Bxc4 1-0

[Event "SV Mülheim-Nord 2 - SG Porz 2"]
[Site "Oberliga NRW 2012/2013"]
[Date "2013.04.28"]
[Round "9.2"]
[White "Schoorl, Rob"]
[Black "Korotkjevich, Stanislav"]
[Result "1/2-1/2"]
[WhiteElo "2336"]
[BlackElo "2354"]
[Annotator "Doe,John"]
[PlyCount "89"]
[EventDate "2013.??.??"]
[WhiteTeam "SV Mülheim-Nord 2"]
[BlackTeam "SG Porz 2"]

1. e4 Nc6 2. Nf3 d6 3. d4 Nf6 4. c3 g6 5. Bd3 Bg7 6. O-O O-O 7. h3 e5 8. Re1
Nh5 9. Bf1 h6 10. Na3 Qf6 11. Nb5 Qe7 12. d5 Nd8 13. c4 Nf4 14. Bxf4 exf4 15.
Qd2 a6 16. Nbd4 c5 17. dxc6 bxc6 18. Rad1 Qf6 19. b3 Re8 20. Qa5 c5 21. Qa4 Qe7
22. Nc6 Qd7 23. Nxd8 Rxd8 24. Qxd7 Rxd7 25. e5 dxe5 26. Rxd7 Bxd7 27. Nxe5 Bf5
28. Bd3 Bxe5 29. Bxf5 Bc3 30. Rc1 Bb4 31. Bg4 a5 32. Rd1 a4 33. Bf3 Ra7 34.
bxa4 Rxa4 35. Rd7 Rxa2 36. Bd5 Be1 37. Rxf7 Bxf2+ $11 38. Kf1 Kh8 39. Rf8+ Kh7
40. Rf7+ Kh8 41. Rxf4 Bd4 42. Rf8+ Kg7 43. Rf7+ Kh8 44. Rf8+ Kg7 45. Rf7+
1/2-1/2

[Event "SV Mülheim-Nord 2 - SG Porz 2"]
[Site "Oberliga NRW 2012/2013"]
[Date "2013.04.28"]
[Round "9.3"]
[White "Malykin, Vitaly"]
[Black "Zwirs, Nico"]
[Result "1/2-1/2"]
[WhiteElo "2319"]
[BlackElo "2295"]
[Annotator "Doe,John"]
[PlyCount "94"]
[EventDate "2013.??.??"]
[WhiteTeam "SG Porz 2"]
[BlackTeam "SV Mülheim-Nord 2"]

1. Nf3 Nf6 2. c4 g6 3. Nc3 Bg7 4. e4 d6 5. d4 O-O 6. Be2 e5 7. O-O Nc6 8. d5
Ne7 9. Nd2 a5 10. a3 Bd7 11. Rb1 a4 12. b4 axb3 13. Rxb3 b6 14. a4 Ne8 15. Ra3
f5 16. Bb2 Nf6 17. Qc2 fxe4 18. Ncxe4 Nf5 19. Rfa1 Nd4 20. Qd1 Nxe4 21. Nxe4
Qh4 22. f3 Bf5 23. g3 Qe7 24. Bd3 Bh6 25. Bxd4 exd4 26. a5 bxa5 27. Rxa5 Be3+
28. Kg2 Rae8 29. R1a2 Rf7 30. c5 Bxe4 31. Bxe4 dxc5 32. Qd3 Kg7 33. Rc2 $11 Rb8
34. Rb5 Rb6 35. Rcxc5 Ra6 36. Ra5 Rxa5 37. Rxa5 Qb4 38. Ra2 Qe1 39. Qf1 Qc3 40.
Rc2 Qb3 41. h4 Re7 42. Rc6 Qb2+ 43. Kh3 Qf2 44. Qb1 Bf4 45. gxf4 Rxe4 46. Rxc7+
Kh6 47. Qxe4 Qf1+ 1/2-1/2

[Event "SV Mülheim-Nord 2 - SG Porz 2"]
[Site "Oberliga NRW 2012/2013"]
[Date "2013.04.28"]
[Round "9.4"]
[White "Nachbar, Benjamin"]
[Black "Gallinnis, Norbert"]
[Result "1/2-1/2"]
[WhiteElo "2140"]
[BlackElo "2278"]
[Annotator "Doe,John"]
[PlyCount "107"]
[EventDate "2013.??.??"]
[WhiteTeam "SV Mülheim-Nord 2"]
[BlackTeam "SG Porz 2"]

1. c4 Nf6 2. Nc3 g6 3. d4 Bg7 4. e4 d6 5. Nf3 O-O 6. Be2 c6 7. d5 Na6 8. Nd4 e5
9. Nb3 c5 10. g4 Ne8 11. h4 f5 12. f3 $11 f4 13. h5 Bf6 14. hxg6 Bh4+ 15. Kd2
h6 16. Qg1 Bd7 17. Qh2 Bg5 18. Kc2 Qf6 19. Bd2 Nb4+ 20. Kb1 Qxg6 21. a3 Na6 22.
Ka2 Nac7 23. Nc1 Rb8 24. b3 Kg7 25. Nd3 b5 26. cxb5 Nxb5 27. Nxb5 Bxb5 28. a4
Bd7 29. Bc3 Nf6 30. Nc1 Rh8 31. Bc4 Qe8 32. Kb1 h5 33. gxh5 Rxh5 34. Qg2 Rxh1
35. Qxh1 Qh8 36. Qg1 Qh5 37. Ra2 Kf7 38. Rh2 $11 Qg6 39. Nd3 Bxa4 40. Bxe5 Bxb3
41. Bxb3 Rxb3+ 42. Kc2 Rxd3 43. Bxf6 Rxd5 44. Bd8 Re5 45. Rg2 Qe6 46. Rxg5 Qa2+
47. Kc3 Qa3+ 48. Kd2 Qb2+ 49. Ke1 Qc1+ 50. Kf2 Qd2+ 51. Kf1 Qd3+ 52. Kg2 Re8
53. Rf5+ Ke6 54. Bg5 1/2-1/2

[Event "SV Mülheim-Nord 2 - SG Porz 2"]
[Site "Oberliga NRW 2012/2013"]
[Date "2013.04.28"]
[Round "9.5"]
[White "Kremser, Michael"]
[Black "Bus, Tom"]
[Result "0-1"]
[WhiteElo "2116"]
[BlackElo "2068"]
[PlyCount "58"]
[EventDate "2013.??.??"]
[WhiteTeam "SG Porz 2"]
[BlackTeam "SV Mülheim-Nord 2"]

1. d4 Nf6 2. c4 c5 3. d5 b5 4. cxb5 a6 5. bxa6 g6 6. Nc3 Bxa6 7. e4 Bxf1 8.
Kxf1 d6 9. g3 Bg7 10. Kg2 Nbd7 11. Nf3 O-O 12. Qc2 Ra6 13. Bd2 Qa8 14. Rhe1 e6
15. Rad1 exd5 16. exd5 Nb6 17. a3 Nbxd5 18. Nb5 Rb8 19. Qc4 Qc6 20. Nc3 Nxc3
21. Bxc3 d5 22. Qf4 Qa8 23. Re7 d4 24. Kg1 Rf8 25. Bd2 Nd5 26. Qh4 Nxe7 27. Ng5
h6 28. g4 hxg5 29. Bxg5 Qf3 0-1